zpět

Detail výsledku týmu

Le fakap - Vypich, Praha

Datum a čas kvízu

21.5 Celkem bodů Celkový počet nahraných bodů na tomto kvízu bez doplňovacích otázek.
5. Pořadí na kvízu Konečné umístění týmu na tomto kvízu.

Zaznamenané odpovědi

# Otázka Odpověď Body Výsledky
1. O tom, že Tomáš Tuhý míří do B... 0
2. Policie doporučila obvinit pre... 0
3. Třicetiletá oscarová zpěvačka... 0
4. Detroitští fanoušci hokeje se... 0
5. Počet neproměněných penalt + p... 0
6. Čertů se v kultuře, zeměpisnýc... 0
7. Napište název pohádky z roku 2... 1
8. To čert na koze jel, a táta re... 0
9. Na obrázku vidíme znak pražské... 1
10. Jak se nazývá nejnovější česká... 1